Pokémon - Les attaques de Tiplouf - Statistiques

Statistiques générales
  • Ce quiz a été pris 185 fois
    51 depuis la dernière actualisation
  • Le résultat moyen est 7 sur 13
Statistiques - réponses
Niveaux Types Noms des attaques % Correct
Niveau 15 Vol Picpic
88%
Niveau 43 Eau Hydrocanon
85%
Départ Normal Écras'Face
78%
Niveau 4 Normal Rugissement
78%
Niveau 8 Eau Pistolet à O
73%
Niveau 18 Eau Bulles d'O
66%
Niveau 32 Eau Siphon
56%
Niveau 39 Vol Bec Vrille
51%
Niveau 11 Fée Charme
51%
Niveau 36 Glace Brume
46%
Niveau 29 Eau Saumure
41%
Niveau 25 Normal Furie
15%
Niveau 22 Normal Vantardise
7%
Aucun quiz correspondant
Distribution des résultats
% des personnes avec chaque résultat
Percentile par nombre de réponses
Votre historique - résultats
Vous n’avez pas pris ce quiz depuis la dernière actualisation